The great retreat / (Record no. 172004)

MARC details
000 -LEADER
fixed length control field 00576nam a22001937a 4500
005 - DATE AND TIME OF LATEST TRANSACTION
control field 20200124160359.0
010 ## - LCCN (DPL NO)
LC control number B-731162
020 ## - INTERNATIONAL STANDARD BOOK NUMBER
International Standard Book Number 9789353047184
Terms of availability 295.00
035 ## - SYSTEM CONTROL NUMBER
System control number B-731162
037 ## - SOURCE OF ACQUISITION
Source of stock number/acquisition DBAD/PUB
Stock number dpl
082 ## - DEWEY DECIMAL CLASSIFICATION NUMBER
Classification number S
100 ## - MAIN ENTRY--PERSONAL NAME
Personal name Bond, Ruskin
245 ## - TITLE STATEMENT
Title The great retreat /
Statement of responsibility, etc by Ruskin Bond
260 ## - PUBLICATION, DISTRIBUTION, ETC. (IMPRINT)
Name of publisher, distributor, etc Rupa publication india Pvt. Ltd.
Date of publication, distribution, etc 2018
Place of publication, distribution, etc New Delhi
270 ## - ADDRESS
Address 7/16, Ansari Road
City New Delhi
Postal code 110002
300 ## - PHYSICAL DESCRIPTION
Extent viii,215p.
Dimensions 19cm(pbk)
942 ## - ADDED ENTRY ELEMENTS (KOHA)
Item type English Books
Source of classification or shelving scheme Dewey Decimal Classification
Call number suffix BON
Classification part S
Holdings
Withdrawn status Lost status Not for loan Collection code Home library Current library Date acquired Source of acquisition Cost, normal purchase price Full call number Barcode Copy number Cost, replacement price Koha item type
      Fiction Kadipur Kadipur 24/01/2020 Gift/ Eng./13.11.2019 295.00 S BON B-731162 1 295.00 English Books

© Delhi Public Library
Hit Counter
free hit counter